Famous Landmarks - Statistics

General Stats
  • This quiz has been taken 91 times
  • The average score is 18 of 21
Answer Stats
Hint Answer % Correct
Eiffel Tower France
100%
Sphinx Egypt
97%
Statue of Liberty USA
97%
Acropolis of Athens Greece
94%
Taj Mahal India
94%
Leaning Tower of Pisa Italy
94%
Grand Canyon USA
94%
Mount Rushmore USA
94%
Golden Gate Bridge USA
94%
Twin Towers (remembrance skylights) USA
92%
Big Ben UK
91%
Colosseum Italy
90%
Buckingham Palace UK
90%
Pearl Harbor USA
90%
Niagara Falls USA/Canada
90%
Mount Fuji Japan
89%
'Christ the Redeemer' Statue Brazil
88%
Stonehenge UK
87%
Tallest Building in the World United Arab Emirates
78%
Moai (face statues) Chile
53%
Amber Palace/Fort India
41%
No matching quizzes found
Score Distribution
Percent of People with Each Score
Percentile by Number Answered
Your Score History
You have not taken this quiz